Union with Christ : (Record no. 4843)
[ view plain ]
| 000 -LEADER | |
|---|---|
| fixed length control field | 01553cam a2200337 a 4500 |
| 001 - CONTROL NUMBER | |
| control field | 143415 |
| 003 - CONTROL NUMBER IDENTIFIER | |
| control field | GBCCL |
| 005 - DATE AND TIME OF LATEST TRANSACTION | |
| control field | 20241126110528.0 |
| 008 - FIXED-LENGTH DATA ELEMENTS--GENERAL INFORMATION | |
| fixed length control field | 110630s2011 miu b 001 0 eng |
| 010 ## - | |
| -- | 2011027289 |
| 020 ## - INTERNATIONAL STANDARD BOOK NUMBER | |
| International Standard Book Number | 9780801039348 (pbk.) |
| 020 ## - INTERNATIONAL STANDARD BOOK NUMBER | |
| International Standard Book Number | 0801039347 (pbk.) |
| 035 ## - SYSTEM CONTROL NUMBER | |
| System control number | (OCoLC)ocn699760497 |
| 035 ## - SYSTEM CONTROL NUMBER | |
| System control number | (OCoLC)699760497 |
| 040 ## - CATALOGING SOURCE | |
| Original cataloging agency | DLC |
| Transcribing agency | DLC |
| Modifying agency | YDX |
| -- | BTCTA |
| -- | YDXCP |
| -- | DTM |
| -- | BWX |
| 049 ## - | |
| -- | LBBK |
| -- | LBBA |
| 050 00 - | |
| -- | BT767.7 |
| -- | .B55 2011 |
| 082 00 - DEWEY DECIMAL CLASSIFICATION NUMBER | |
| Classification number | 230.42 |
| Edition information | 23 |
| Item number | BIL |
| 090 ## - LOCALLY ASSIGNED LC-TYPE CALL NUMBER (OCLC); LOCAL CALL NUMBER (RLIN) | |
| Classification number (OCLC) (R) ; Classification number, CALL (RLIN) (NR) | BT767.7 |
| Local cutter number (OCLC) ; Book number/undivided call number, CALL (RLIN) | .B55 2011 |
| 100 1# - MAIN ENTRY--PERSONAL NAME | |
| Personal name | Billings, J. Todd. |
| 9 (RLIN) | 8821 |
| 245 10 - TITLE STATEMENT | |
| Title | Union with Christ : |
| Remainder of title | reframing theology and ministry for the church / |
| Statement of responsibility, etc. | J. Todd Billings. |
| 260 ## - PUBLICATION, DISTRIBUTION, ETC. | |
| Place of publication, distribution, etc. | Grand Rapids, Mich. : |
| Name of publisher, distributor, etc. | Baker Academic, |
| Date of publication, distribution, etc. | c2011. |
| 300 ## - PHYSICAL DESCRIPTION | |
| Extent | xii, 180 p. ; |
| Dimensions | 22 cm. |
| 504 ## - BIBLIOGRAPHY, ETC. NOTE | |
| Bibliography, etc. note | Includes bibliographical references and index. |
| 505 0# - FORMATTED CONTENTS NOTE | |
| Formatted contents note | Salvation as adoption in Christ : an antidote to today's distant yet convenient deity -- Total depravity in sin, total communion in Christ : how the bondage of the will mirrors a theology of salvation as communion -- Encountering a mystery in union with Christ : on Communion with the incomprehensible God -- The Gospel and justice : union with Christ, the law of love, and the Lord's Supper -- Ministry in union with Christ : a constructive critique of incarnational ministry. |
| 600 00 - SUBJECT ADDED ENTRY--PERSONAL NAME | |
| Personal name | Jesus Christ |
| General subdivision | Person and offices. |
| 9 (RLIN) | 268 |
| 650 #0 - SUBJECT ADDED ENTRY--TOPICAL TERM | |
| Topical term or geographic name entry element | Mystical union. |
| 9 (RLIN) | 8822 |
| 650 #0 - SUBJECT ADDED ENTRY--TOPICAL TERM | |
| Topical term or geographic name entry element | Christian life |
| General subdivision | Reformed authors. |
| 9 (RLIN) | 1210 |
| 650 #0 - SUBJECT ADDED ENTRY--TOPICAL TERM | |
| Topical term or geographic name entry element | Reformed Church |
| General subdivision | Doctrines. |
| 9 (RLIN) | 618 |
| 942 ## - ADDED ENTRY ELEMENTS (KOHA) | |
| Source of classification or shelving scheme | Dewey Decimal Classification |
| Koha item type | Books |
| Koha issues (borrowed), all copies | 1 |
| Withdrawn status | Lost status | Source of classification or shelving scheme | Damaged status | Not for loan | Home library | Current Library | Shelving location | Date acquired | Total checkouts | Full call number | Barcode | Date last seen | Date last checked out | Copy number | Price effective from | Koha item type |
|---|---|---|---|---|---|---|---|---|---|---|---|---|---|---|---|---|
| Dewey Decimal Classification | GRACE BIBLE COLLEGE | GRACE BIBLE COLLEGE | Theology | 2018-02-09 | 1 | 230.42 BIL | 014621 | 2025-05-01 | 2021-03-11 | c.1 | 2018-02-09 | Books |